Bundesliga players 2018/19 - Statistics

General Stats
  • This quiz has been taken 7 times
  • The average score is 119 of 468
Answer Stats
Rank Player Positions Nationality Matches Goals Assists Clubs % Correct
143 Manuel Neuer GK 26 0 0
100%
18 Aarón Martín DF 33 0 3
67%
1 Alassane Pléa MF, FW 34 12 4
67%
245 Alexander Nübel GK 18 0 0
67%
377 Alphonso Davies DF 6 1 0
67%
247 Amine Harit MF, FW 18 1 1
67%
63 Andrej Kramarić MF, FW 30 17 4
67%
102 Ante Rebić MF, FW 28 9 4
67%
318 Arjen Robben MF, FW 12 4 0
67%
20 Axel Witsel DF, MF 33 4 1
67%
87 Benjamin Pavard DF 29 0 0
67%
406 Berkay Özcan DF, MF, FW 3 0 0
67%
166 Charles Aránguiz MF 24 2 7
67%
248 Christoph Kramer MF 18 2 1
67%
263 Dan-Axel Zagadou DF 17 2 0
67%
48 David Alaba DF, MF 31 3 3
67%
22 Davy Klaassen MF 33 5 4
67%
286 Dayot Upamecano DF 15 0 0
67%
226 Emil Forsberg MF, FW 20 4 7
67%
265 Federico Palacios Martínez MF, FW 17 2 0
67%
379 Felix Götze MF 6 1 0
67%
4 Filip Kostić DF, FW 34 6 10
67%
170 Florian Müller GK 24 0 0
67%
150 Franck Ribéry MF, FW 25 6 3
67%
67 Hanno Behrens MF 30 4 1
67%
106 Ibrahima Konaté DF 28 1 1
67%
207 Javi Martínez DF, MF 21 3 0
67%
270 Jean-Kévin Augustin FW 17 3 0
67%
6 Jean-Philippe Mateta FW 34 14 2
67%
228 Jérôme Boateng DF 20 0 2
67%
299 Ji Dong-won MF, FW 14 4 1
67%
8 Joshua Kimmich DF, MF 34 2 13
67%
25 Kevin Trapp GK 33 0 0
67%
210 Kingsley Coman MF, FW 21 6 4
67%
139 Koen Casteels GK 26 0 0
67%
229 Lars Bender DF, MF 20 1 4
67%
92 Leon Bailey DF, MF, FW 29 5 1
67%
69 Leon Goretzka MF 30 8 4
67%
34 Luka Jović MF, FW 32 17 5
67%
35 Lukáš Hrádecký GK 32 0 0
67%
231 Łukasz Piszczek DF, MF 20 1 6
67%
156 Manuel Akanji DF, MF 25 1 0
67%
115 Marcel Halstenberg DF, MF, FW 28 3 6
67%
71 Marcel Sabitzer DF, MF, FW 30 4 3
67%
456 Marco Fabián MF, FW 1 0 0
67%
53 Mario Gómez FW 31 7 2
67%
144 Mario Götze MF, FW 26 7 7
67%
36 Martin Hinteregger DF, MF 32 3 0
67%
279 Marvin Ducksch FW 16 1 1
67%
214 Mats Hummels DF 21 1 1
67%
26 Maximilian Arnold MF 33 2 6
67%
258 Maximilian Philipp MF, FW 18 1 1
67%
37 Max Kruse MF, FW 32 11 9
67%
40 Michael Rensing GK 32 0 0
67%
145 Milot Rashica MF, FW 26 9 5
67%
368 Naldo DF 7 0 0
67%
215 Nicolai Müller MF, FW 21 5 0
67%
55 Niklas Süle DF 31 2 0
67%
175 Nils Petersen MF, FW 24 10 3
67%
233 Nuri Şahin MF 20 1 1
67%
28 Oliver Baumann GK 33 0 1
67%
41 Ondrej Duda MF, FW 32 11 5
67%
146 Paco Alcácer FW 26 18 0
67%
371 Palkó Dárdai MF, FW 7 0 0
67%
29 Péter Gulácsi GK 33 0 0
67%
315 Raffael MF, FW 13 2 1
67%
432 Ramazan Özcan GK 2 0 0
67%
186 Raphaël Guerreiro DF, MF, FW 23 2 6
67%
273 Renato Sanches MF 17 1 1
67%
30 Robert Lewandowski FW 33 22 7
67%
177 Robin Koch DF, MF 24 1 0
67%
43 Roman Bürki GK 32 0 0
67%
14 Ron-Robert Zieler GK 34 0 0
67%
97 Rouwen Hennings MF, FW 29 7 4
67%
80 Salif Sané DF, MF 30 2 0
67%
375 Sandro Wagner FW 7 0 0
67%
219 Sebastian Rudy MF 21 0 0
67%
98 Sébastien Haller FW 29 15 9
67%
82 Serge Gnabry DF, MF, FW 30 10 5
67%
433 Shinji Kagawa MF, FW 2 0 0
67%
162 Stefan Bell DF 25 0 0
67%
132 Sven Bender DF, MF 27 0 0
67%
357 Sven Ulreich GK 9 0 0
67%
316 Takuma Asano MF, FW 13 0 0
67%
83 Thiago Alcántara MF 30 2 6
67%
45 Thomas Müller MF, FW 32 6 9
67%
31 Thorgan Hazard DF, MF, FW 33 10 11
67%
85 Timo Werner MF, FW 30 16 7
67%
188 Vincenzo Grifo MF, FW 23 7 5
67%
15 Waldemar Anton DF, MF 34 1 0
67%
178 Weston McKennie DF, MF, FW 24 1 4
67%
179 Willi Orban DF 24 4 0
67%
16 Wout Weghorst FW 34 17 7
67%
17 Yann Sommer GK 34 0 0
67%
61 Yussuf Poulsen MF, FW 31 15 3
67%
100 Abdou Diallo DF, MF 28 1 1
33%
203 Achraf Hakimi DF, MF 21 2 4
33%
204 Adam Bodzek DF, MF 21 0 1
33%
62 Ádám Szalai FW 30 6 3
33%
133 Admir Mehmedi MF, FW 26 6 5
33%
244 Aleksandar Dragović DF, MF 18 2 0
33%
284 Alessandro Schöpf DF, MF, FW 15 1 0
33%
344 Alexander Fuchs MF, FW 9 1 0
33%
19 Alexander Schwolow GK 33 0 1
33%
246 Alfreð Finnbogason FW 18 10 1
33%
180 Alfredo Morales DF, MF 23 1 1
33%
345 Amadou Haidara MF, FW 9 1 0
33%
101 André Hahn MF, FW 28 4 4
33%
309 André Hoffmann DF, MF 13 0 0
33%
319 Aymen Barkok DF, MF, FW 12 0 0
33%
64 Benito Raman MF, FW 30 10 4
33%
440 Benjamin Henrichs DF, MF 1 0 0
33%
206 Benjamin Stambouli DF, MF 21 0 2
33%
320 Borna Sosa DF, MF, FW 12 0 1
33%
223 Breel Embolo MF, FW 20 5 1
33%
297 Bruma MF, FW 14 1 1
33%
298 Caiuby MF, FW 14 1 1
33%
378 Carlos Salcedo DF 6 0 0
33%
387 Cedric Teuchert MF, FW 5 0 0
33%
32 Christian Günter DF, MF 32 0 5
33%
224 Christian Pulisic DF, MF, FW 20 4 4
33%
418 Christoph Baumgartner MF, FW 2 0 0
33%
135 Daniel Brosinski DF, MF, FW 26 3 5
33%
47 Daniel Caligiuri DF, MF, FW 31 7 3
33%
264 David Abraham DF 17 0 0
33%
420 Davor Lovren MF 2 0 0
33%
49 Denis Zakaria DF, MF 31 4 0
33%
136 Diego Demme DF, MF 26 0 2
33%
50 Dodi Lukebakio MF, FW 31 10 3
33%
3 Dominique Heintz DF 34 1 1
33%
310 Fabian Bredlow GK 13 0 0
33%
89 Fabian Lustenberger DF, MF 29 0 1
33%
266 Felipe DF 17 2 0
33%
289 Felix Klaus MF, FW 15 1 1
33%
66 Florian Grillitsch DF, MF 30 0 3
33%
33 Florian Neuhaus MF 32 3 8
33%
171 Florian Niederlechner MF, FW 24 4 1
33%
398 Franco Di Santo MF, FW 4 0 0
33%
422 Frederik Rønnow GK 2 0 0
33%
103 Gelson Fernandes MF 28 1 0
33%
104 Genki Haraguchi DF, MF, FW 28 0 3
33%
268 Gregor Kobel GK 17 0 0
33%
347 Hamza Mendyl DF, FW 9 0 0
33%
333 Holger Badstuber DF, MF 10 0 0
33%
107 Ishak Belfodil MF, FW 28 16 3
33%
348 Iver Fossum MF 9 0 0
33%
5 Jadon Sancho MF, FW 34 12 14
33%
227 James Rodríguez MF, FW 20 7 3
33%
269 Javairô Dilrosun MF, FW 17 2 3
33%
252 Jean Zimmer DF, FW 18 1 2
33%
349 Jeffrey Bruma DF 9 0 0
33%
153 Jérôme Gondorf MF, FW 25 2 2
33%
108 Jérôme Roussillon DF 28 3 4
33%
7 Jiří Pavlenka GK 34 0 0
33%
109 Joelinton MF, FW 28 7 5
33%
182 Johannes Eggestein DF, MF, FW 23 4 1
33%
90 John Brooks DF 29 3 2
33%
123 Jonas Hofmann MF, FW 27 5 5
33%
400 Jonathan Burkardt MF, FW 4 0 0
33%
23 Jonathan Tah DF 33 3 1
33%
335 Josh Sargent MF, FW 10 2 0
33%
154 Josip Brekalo MF, FW 25 3 3
33%
236 Josuha Guilavogui DF, MF 19 2 1
33%
24 Julian Brandt MF, FW 33 7 11
33%
253 Julian Weigl DF, MF 18 1 0
33%
112 Kaan Ayhan DF, MF 28 4 1
33%
9 Kai Havertz MF, FW 34 17 3
33%
237 Karim Bellarabi DF, MF, FW 19 5 4
33%
209 Kenan Karaman MF, FW 21 3 1
33%
138 Kerem Demirbay MF 26 4 9
33%
352 Keven Schlotterbeck DF, FW 9 0 0
33%
323 Kevin Akpoguma DF, FW 12 0 0
33%
124 Kevin Kampl MF 27 2 5
33%
155 Kevin Stöger MF, FW 25 1 7
33%
113 Kevin Vogt DF, MF 28 0 0
33%
10 Kevin Volland MF, FW 34 14 9
33%
91 Konrad Laimer DF, MF 29 1 1
33%
140 Koo Ja-cheol MF 26 2 1
33%
211 Lars Stindl MF, FW 21 3 1
33%
290 Levin Öztunalı MF, FW 15 0 1
33%
125 Lucas Alario MF, FW 27 9 3
33%
141 Lucas Höler MF, FW 26 4 0
33%
70 Luca Waldschmidt MF, FW 30 9 1
33%
11 Ludwig Augustinsson DF, MF, FW 34 1 4
33%
142 Lukas Klostermann DF 26 5 1
33%
277 Lukas Kübler DF, MF 16 0 2
33%
114 Makoto Hasebe DF, MF 28 0 0
33%
213 Manuel Gulde DF 21 1 0
33%
353 Marcel Schmelzer DF 9 0 1
33%
303 Marcel Sobottka MF 14 0 0
33%
127 Marco Reus MF, FW 27 17 8
33%
157 Marco Richter MF, FW 25 4 6
33%
391 Marco Russ DF, MF 5 0 0
33%
313 Marco Terrazzino MF, FW 13 1 0
33%
278 Marius Wolf DF, MF, FW 16 1 0
33%
232 Mark Uth MF, FW 20 2 1
33%
255 Martin Harnik MF, FW 18 4 2
33%
158 Marvin Bakalorz MF 25 1 0
33%
430 Marwin Hitz GK 2 0 0
33%
159 Matheus Cunha MF, FW 25 2 0
33%
116 Matija Nastasić DF 28 1 0
33%
128 Matthias Ginter DF, MF 27 2 0
33%
12 Matthias Zimmermann DF, MF 34 1 3
33%
13 Maximilian Eggestein MF 34 5 4
33%
160 Maximilian Mittelstädt DF, MF, FW 25 1 1
33%
38 Michael Esser GK 32 0 0
33%
39 Michael Gregoritsch MF, FW 32 6 2
33%
328 Mickaël Cuisance MF, FW 11 0 1
33%
185 Miloš Veljković DF 23 1 0
33%
72 Mitchell Weiser DF, MF, FW 30 1 3
33%
27 Moussa Niakhate DF 33 1 1
33%
314 Nadiem Amiri MF, FW 13 3 1
33%
73 Nico Elvedi DF 30 2 1
33%
75 Nicolás González MF, FW 30 2 3
33%
259 Nicolas Höfler MF 18 0 0
33%
401 Nico Schlotterbeck DF 4 0 0
33%
74 Nico Schulz DF, MF, FW 30 1 5
33%
76 Niklas Moisander DF 30 0 0
33%
77 Niko Gießelmann DF, FW 30 0 3
33%
239 Nordi Mukiele DF, FW 19 1 1
33%
260 Oliver Fink MF, FW 18 3 0
33%
240 Oliver Sorg DF, MF 19 0 0
33%
199 Ondřej Petrák MF 22 0 0
33%
460 Patrick Kammerbauer FW 1 0 0
33%
292 Paulinho MF, FW 15 0 0
33%
431 Paul Verhaegh DF 2 0 0
33%
356 Pavao Pervan GK 9 0 0
33%
280 Per Ciljan Skjelbred MF 16 0 1
33%
293 Philipp Bargfrede MF 15 0 0
33%
461 Philipp Tschauner GK 1 0 0
33%
96 Pierre Kunde MF, FW 29 0 0
33%
272 Ralf Fährmann GK 17 0 0
33%
79 Rani Khedira DF, MF 30 4 1
33%
187 Reiss Nelson MF, FW 23 7 0
33%
56 Renato Steffen MF, FW 31 5 1
33%
294 Ridle Baku DF, MF, FW 15 0 0
33%
339 Robin Bormuth DF 10 0 0
33%
117 Robin Quaison MF, FW 28 7 3
33%
340 Robin Zentner GK 10 0 0
33%
341 Roland Sallai MF, FW 10 2 0
33%
58 Rune Jarstein GK 31 0 0
33%
81 Salomon Kalou MF, FW 30 8 2
33%
325 Sebastian Rode MF 12 0 0
33%
242 Stefan Ilsanker DF, MF 19 0 0
33%
147 Suat Serdar MF, FW 26 2 1
33%
243 Takashi Usami MF, FW 19 1 2
33%
44 Theodor Gebre Selassie DF, MF, FW 32 3 2
33%
84 Thomas Delaney MF 30 3 5
33%
402 Thomas Kraft GK 4 0 0
33%
386 Timmy Tillman MF, FW 6 0 0
33%
468 Timothy Chandler DF, MF 1 0 0
33%
307 Tony Jantschke DF, MF 14 0 1
33%
118 Vedad Ibišević FW 28 10 2
33%
189 Virgil Misidjan MF, FW 23 1 1
33%
119 Wendell DF, MF 28 2 2
33%
317 Yevhen Konoplyanka MF, FW 13 1 1
33%
404 Yoric Ravet MF, FW 4 0 0
33%
220 Yunus Mallı MF, FW 21 1 1
33%
221 Yuya Osako MF, FW 21 3 2
33%
435 Yvon Mvogo GK 2 0 0
33%
436 Abass Issah FW 1 0 0
0%
295 Adam Zreľák FW 14 2 1
0%
308 Ahmed Kutucu MF, FW 13 2 0
0%
437 Ahmet Gürleyen DF 1 0 0
0%
262 Alexander Esswein MF, FW 17 0 0
0%
296 Alexander Hack DF 14 1 1
0%
190 Alexandru Maxim MF, FW 22 1 0
0%
438 Alfonso MF 1 0 0
0%
392 Allan MF 4 0 0
0%
364 Almamy Touré DF, MF 7 0 0
0%
330 Amir Abrashi MF 10 0 0
0%
163 Anastasios Donis MF, FW 24 5 2
0%
164 Andreas Beck DF, MF 24 0 2
0%
285 Andreas Luthe GK 15 0 0
0%
191 Anthony Ujah MF, FW 22 4 0
0%
415 Antonis Aidonis DF 2 0 0
0%
165 Arne Maier MF 24 0 0
0%
439 Aron Jóhannsson MF, FW 1 0 0
0%
416 Baba Rahman DF, MF 2 0 0
0%
205 Bastian Oczipka DF, FW 21 1 5
0%
405 Benjamin Hadžić MF, FW 3 0 1
0%
331 Benjamin Hübner DF 10 0 0
0%
222 Bobby Wood MF, FW 20 3 1
0%
441 Branimir Hrgota MF, FW 1 0 0
0%
275 Chadrac Akolo MF, FW 16 0 1
0%
417 Chima Okoroji DF, MF 2 0 0
0%
88 Christian Gentner MF 29 0 5
0%
192 Christian Mathenia GK 22 0 0
0%
442 Christoph Daferner FW 1 0 0
0%
393 Christoph Janker DF 4 0 0
0%
134 Claudio Pizarro FW 26 5 2
0%
419 Corentin Tolisso MF 2 1 0
0%
21 Daniel Baier MF 33 0 1
0%
225 Daniel Didavi MF, FW 20 2 2
0%
167 Daniel Ginczek MF, FW 24 6 2
0%
443 Danny Blum MF, FW 1 0 0
0%
2 Danny da Costa DF, FW 34 2 4
0%
168 Danny Latza MF 24 0 3
0%
407 David Otto MF, FW 3 0 0
0%
65 Davie Selke FW 30 3 5
0%
332 Dawid Kownacki MF, FW 10 4 0
0%
287 Dennis Aogo DF, MF 15 0 0
0%
394 Dennis Geiger MF 4 0 1
0%
388 Dennis Jastrzembski DF, MF, FW 5 0 0
0%
395 Derrick Luckassen DF, MF 4 0 0
0%
249 Dominik Kohr DF, MF 18 0 2
0%
396 Edgar Prib MF 4 0 1
0%
408 Edgar Salli MF, FW 3 0 0
0%
193 Eduard Löwen MF, FW 22 3 2
0%
169 Elvis Rexhbeçaj MF, FW 24 2 2
0%
409 Emile Smith Rowe MF, FW 3 0 0
0%
120 Emiliano Insúa DF 27 2 2
0%
288 Enrico Valentini DF 15 0 2
0%
235 Erik Thommy MF, FW 19 1 1
0%
149 Ermin Bičakčić DF 25 1 2
0%
250 Ewerton DF 18 0 0
0%
397 Fabian Giefer GK 4 0 0
0%
251 Fabian Johnson DF, MF 18 1 0
0%
421 Fin Bartels MF, FW 2 0 0
0%
267 Florent Muslija MF, FW 17 2 0
0%
444 Florian Baak DF, MF 1 0 0
0%
358 Florian Kainz MF, FW 8 0 1
0%
380 Fredrik Jensen MF, FW 6 0 0
0%
445 Gaëtan Bussmann DF 1 0 0
0%
446 George Timotheou DF 1 0 0
0%
121 Georg Margreitter DF 27 2 0
0%
381 Georg Teigl DF, MF, FW 6 0 0
0%
399 Gerrit Holtmann DF, MF, FW 4 0 0
0%
423 Gian-Luca Itter DF 2 0 0
0%
346 Giulio Donati DF, FW 9 0 0
0%
327 Gonçalo Paciência MF, FW 11 3 1
0%
151 Gonzalo Castro DF, MF 25 2 4
0%
172 Guido Burgstaller MF, FW 24 4 0
0%
365 Haji Wright FW 7 1 0
0%
424 Hans Nunoo Sarpei DF, MF, FW 2 0 0
0%
359 Håvard Nordtveit DF, MF 8 0 0
0%
105 Hendrik Weydandt FW 28 6 1
0%
276 Ibrahima Traoré MF, FW 16 0 2
0%
382 Ignacio Camacho DF, MF 6 0 0
0%
321 Ihlas Bebou DF, MF, FW 12 4 3
0%
383 Isaac Kiese Thelin MF, FW 6 0 0
0%
410 Ivo Iličević MF 3 0 0
0%
173 Jacob Bruun Larsen MF, FW 24 2 2
0%
447 Jakub Błaszczykowski MF 1 0 0
0%
122 Janik Haberer MF, FW 27 1 3
0%
448 Jan-Ingwer Callsen-Bracker DF 1 0 0
0%
311 Jan Morávek MF, FW 13 0 2
0%
425 Jaroslav Drobný GK 2 0 0
0%
68 Jean-Paul Boëtius MF, FW 30 4 7
0%
51 Jean-Philippe Gbamin DF, MF 31 2 1
0%
152 Jeffrey Gouweleeuw DF 25 0 2
0%
449 Jeong Woo-yeong MF, FW 1 0 0
0%
181 Jetro Willems DF, MF 23 0 1
0%
426 John Yeboah MF, FW 2 0 0
0%
450 Jonas Carls FW 1 0 0
0%
110 Jonathan de Guzmán MF 28 3 6
0%
111 Jonathan Schmid DF, MF 28 3 7
0%
334 Jonathas FW 10 3 1
0%
350 Jordan Beyer DF 9 0 0
0%
300 Jordan Torunarigha DF 14 2 2
0%
301 Joshua Brenet DF 14 2 1
0%
389 Josip Drmić MF, FW 5 2 0
0%
336 Josip Elez DF 10 0 0
0%
451 Jozo Stanić MF 1 0 0
0%
208 Julian Baumgartlinger DF, MF 21 0 1
0%
322 Julian Korb DF, MF 12 0 0
0%
351 Julian Schieber FW 9 1 0
0%
427 Justin Hoogma DF, MF 2 0 0
0%
137 Karim Onisiwo MF, FW 26 7 3
0%
174 Karim Rekik DF 24 0 0
0%
312 Kasim Nuhu DF 13 0 1
0%
254 Kevin Danso DF, MF 18 1 1
0%
390 Kevin Goden DF, MF 5 0 0
0%
183 Kevin Möhwald MF 23 3 1
0%
194 Kevin Wimmer DF 22 0 0
0%
324 Kostas Stafylidis DF, MF 12 0 0
0%
452 László Bénes MF 1 0 0
0%
453 Leandro Barreiro Martins MF 1 0 0
0%
212 Leonardo Bittencourt MF, FW 21 1 3
0%
428 Leon Dajaku DF, MF, FW 2 0 0
0%
230 Linton Maina MF, FW 20 1 3
0%
454 Luca Plogmann GK 1 0 0
0%
360 Lucas Torró MF 8 0 0
0%
429 Lukas Jäger MF, FW 2 0 0
0%
337 Lukas Klünter DF, MF, FW 10 0 0
0%
52 Lukas Mühl DF 31 1 0
0%
455 Lukas Rupp MF, FW 1 0 0
0%
302 Mahmoud Dahoud MF 14 1 0
0%
354 Marcelo Saracchi DF 9 0 1
0%
338 Marcel Tisserand DF 10 1 0
0%
126 Marcin Kamiński DF 27 0 1
0%
367 Marco Friedl DF, MF 7 0 0
0%
184 Marc-Oliver Kempf DF 23 2 0
0%
366 Marc Stendera MF 7 0 0
0%
457 Mark Flekken GK 1 0 0
0%
195 Marko Grujić MF 22 5 1
0%
384 Markus Suttner GK, DF 6 1 1
0%
196 Marvin Plattenhardt DF, MF 22 1 2
0%
238 Matheus Pereira MF, FW 19 3 2
0%
256 Mathew Leckie DF, MF, FW 18 2 0
0%
257 Matthias Ostrzolek DF, MF 18 0 0
0%
458 Meritan Shabani MF, FW 1 0 0
0%
271 Michael Lang DF, FW 17 1 0
0%
197 Miiko Albornoz DF, MF 22 1 3
0%
93 Mijat Gaćinović DF, MF, FW 29 0 1
0%
94 Mikael Ishak FW 29 4 3
0%
54 Mike Frantz MF, FW 31 2 1
0%
161 Nabil Bentaleb MF 25 3 0
0%
369 Nassim Boujellab MF, FW 7 0 1
0%
304 Niclas Füllkrug FW 14 2 1
0%
198 Niklas Stark DF, MF 22 1 0
0%
370 Niko Bungert DF 7 0 0
0%
411 Noah Joel Sarenren Bazee MF, FW 3 0 0
0%
129 Obite N'Dicka DF 27 1 1
0%
329 Ohis Felix Uduokhai DF 11 0 0
0%
305 Omar Mascarell MF 14 0 2
0%
355 Ömer Toprak DF 9 0 0
0%
42 Oscar Wendt DF, MF 32 1 1
0%
291 Ozan Kabak DF 15 3 0
0%
459 Pablo de Blasis MF, FW 1 0 0
0%
361 Pablo Maffeo DF, MF 8 0 0
0%
372 Pascal Köpke MF, FW 7 0 0
0%
216 Pascal Stenzel DF, MF 21 0 2
0%
241 Patrick Erras MF, FW 19 0 1
0%
176 Patrick Herrmann DF, MF, FW 24 3 2
0%
95 Pavel Kadeřábek DF, FW 29 3 4
0%
412 Peter Pekarík DF 3 0 0
0%
306 Philipp Lienhart DF 14 0 0
0%
78 Philipp Max DF, MF 30 4 2
0%
385 Phillipp Mwene DF, MF 6 0 0
0%
130 Pirmin Schwegler MF 27 0 1
0%
373 Rabbi Matondo MF, FW 7 0 0
0%
281 Rafinha DF 16 1 1
0%
374 Raphael Framberger DF 7 0 0
0%
362 Reece Oxford DF, MF 8 0 1
0%
200 Robert Bauer DF, MF, FW 22 0 0
0%
57 Robin Knoche DF 31 3 0
0%
462 Samuel Şahin-Radlinger GK 1 0 0
0%
131 Santiago Ascacíbar MF 27 0 0
0%
463 Sascha Riether DF, MF 1 0 0
0%
464 Sebastian Jung DF 1 0 0
0%
217 Sebastian Kerk MF, FW 21 0 1
0%
218 Sebastian Langkamp DF 21 0 0
0%
413 Sebastian Soto MF, FW 3 0 0
0%
234 Sergio Córdova MF, FW 20 3 0
0%
465 Simon Asta DF 1 0 0
0%
376 Simon Falette DF 7 0 0
0%
363 Simon Rhein MF 8 0 0
0%
466 Stefanos Kapino GK 1 0 0
0%
274 Stefan Posch DF 17 0 0
0%
326 Steven Skrzybski DF, MF, FW 12 3 1
0%
201 Steven Zuber DF, MF, FW 22 5 2
0%
414 Taleb Tawatha DF, MF, FW 3 0 0
0%
467 Tim Dierßen MF 1 0 0
0%
403 Tim Kleindienst DF, FW 4 0 0
0%
46 Tim Leibold DF 32 0 2
0%
261 Timo Baumgartl DF 18 1 0
0%
282 Tin Jedvaj DF 16 0 0
0%
99 Tobias Strobl DF, MF 29 0 4
0%
283 Törles Knöll MF, FW 16 1 0
0%
342 Tyler Adams DF, MF 10 0 2
0%
434 Uffe Bech MF, FW 2 0 0
0%
59 Valentino Lazaro DF, MF, FW 31 3 6
0%
343 Vladimír Darida MF 10 0 1
0%
148 Walace MF 26 1 1
0%
60 William DF, FW 31 2 1
0%
86 Yannick Gerhardt DF, MF, FW 30 2 2
0%
202 Yuya Kubo MF, FW 22 1 0
0%
No matching quizzes found
Score Distribution
Percent of People with Each Score
Percentile by Number Answered
Your Score History
You have not taken this quiz